000 00678nam a22002057a 4500
003 OSt
005 20161209144046.0
008 131210b xxu||||| |||| 00| 0 eng d
020 _a978-607-32-2700-1
040 _aBMC
_cBMC
082 _a658.04
100 1 _910856
_aMünch Galindo, Lourdes
245 1 0 _aAdministración
_b: gestión organizacional, enfoques y proceso administrativo
_cLourdes Munch ; colaboración, Flores Hahn Beatriz Eugenia,
250 _a2ª ed
260 _aMéxico, D.F. [etc.]
_bPearson
_c2014
300 _a322 p.
_c27 cm
650 2 4 _93341
_aGestión de empresas
700 1 _940650
_aFlores Hahn, Beatriz Eugenia
942 _2ddc
_cBK
_hprozim
999 _c26800
_d26800